[Event "XV Obert Internacional d'Escacs de Figueres "Mique"]
[Site "Castillo San Ferran Figueres"]
[Date "2014.08.15"]
[Round "6"]
[Board "11"]
[White "Serra Canals, Oriol"]
[Black "Vinardell Cruanas, Sergi"]
[Result "1-0"]
[WhiteElo "1892"]
[BlackElo "2167"]
[PlyCount "124"]
[EventDate "2014.08.11"]
[EventRounds "9"]
[EventCountry "ESP"]

1. d4 Nf6 2. c4 c5 3. d5 e6 4. Nc3 exd5 5. cxd5 d6 6. Nf3 g6 7. Bf4 a6 8. a4
Bg7 9. g3 O-O 10. Bg2 Nh5 11. Bg5 Qc7 12. O-O Nd7 13. e4 Rb8 14. a5 b5 15. axb6
Rxb6 16. Qc2 Ne5 17. Nd2 h6 18. Be3 Ng4 19. Nc4 Rb4 20. b3 Nxe3 21. Nxe3 Re8
22. Ra4 Rxa4 23. Nxa4 Qb8 24. Rb1 Bd7 25. Nc4 Bb5 26. b4 cxb4 27. Rxb4 Qc7 28.
Qa2 Nf6 29. Nc3 Qc5 30. Qb3 Ng4 31. Nd1 Nxf2 32. Nxf2 Bd4 33. Bf3 Bxf2+ 34. Kg2
Be1 35. Rxb5 axb5 36. Ne3 Ra8 37. Nc2 Rc8 38. Nxe1 Qc1 39. Kf2 Qc5+ 40. Qe3 b4
41. Qxc5 dxc5 42. Bd1 Ra8 43. Nd3 Ra1 44. Ke2 Rb1 45. Bc2 Rh1 46. h4 Rh2+ 47.
Nf2 g5 48. hxg5 hxg5 49. Ke3 Kg7 50. Bd1 Rh8 51. Nd3 Rh1 52. Bc2 Rh3 53. Kf3
Rh1 54. Nxb4 Rc1 55. Bd3 Rc3 56. Ke3 Rb3 57. Nc6 Rb6 58. Nd4 Kf6 59. Nf3 Rb2
60. Nd2 Ke7 61. Be2 Ra2 62. Nc4 Ra4 1-0

[Event "XV Obert Internacional d'Escacs de Figueres "Mique"]
[Site "Castillo San Ferran Figueres"]
[Date "2014.08.15"]
[Round "6"]
[Board "12"]
[White "Pinsach Gelabert, Alexandre"]
[Black "Saez Coma, Alejandro"]
[Result "1/2-1/2"]
[WhiteElo "2140"]
[BlackElo "2113"]
[PlyCount "51"]
[EventDate "2014.08.11"]
[EventRounds "9"]
[EventCountry "ESP"]

1. e4 c5 2. Nf3 Nc6 3. Bb5 g6 4. O-O Bg7 5. c3 Nf6 6. d4 d5 7. Ne5 Bd7 8. Nxd7
Qxd7 9. e5 Ng8 10. Re1 a6 11. Bxc6 Qxc6 12. dxc5 Qxc5 13. Be3 Qc6 14. Bd4 e6
15. Nd2 Ne7 16. a4 O-O 17. a5 Qc7 18. Bb6 Qd7 19. Ne4 Bxe5 20. Nc5 Qd6 21. Nxb7
Bxh2+ 22. Kh1 Qc6 23. Nd8 Qd6 24. Nb7 Qc6 25. Nd8 Qd6 26. Nb7 1/2-1/2

[Event "XV Obert Internacional d'Escacs de Figueres "Mique"]
[Site "Castillo San Ferran Figueres"]
[Date "2014.08.15"]
[Round "6"]
[Board "16"]
[White "Rivera Hernandez, Josep"]
[Black "Falgueras Marti, Carles"]
[Result "1-0"]
[WhiteElo "1925"]
[BlackElo "1980"]
[PlyCount "87"]
[EventDate "2014.08.11"]
[EventRounds "9"]
[EventCountry "ESP"]

1. e4 c6 2. d4 d5 3. Nc3 dxe4 4. Nxe4 Nd7 5. Nf3 Ngf6 6. Bd3 Nxe4 7. Bxe4 Nf6
8. Bd3 Bg4 9. c3 e6 10. Bg5 Be7 11. h3 Bh5 12. O-O Qd5 13. Bh4 Bxf3 14. Qxf3
Qxf3 15. gxf3 Nd5 16. Bg3 O-O-O 17. Rfe1 Bg5 18. Rad1 h5 19. h4 Bf6 20. f4 Ne7
21. Bf1 Nf5 22. Bh3 Ne7 23. Kh2 g6 24. Bg2 Nf5 25. Kh3 Rd7 26. Bf3 Rhd8 27. Be2
Kc7 28. a4 a5 29. Rb1 Be7 30. Bd3 Kb8 31. Re5 Bf6 32. Rxa5 b6 33. Ra6 Kb7 34.
a5 b5 35. Rb6+ Kc7 36. Be4 Rd6 37. Ra1 Ra8 38. b4 Bd8 39. Rxb5 cxb5 40. Bxa8
Ra6 41. Be4 Bf6 42. Bd3 Kc6 43. Re1 Ra8 44. Be4+ 1-0

[Event "XV Obert Internacional d'Escacs de Figueres "Mique"]
[Site "Castillo San Ferran Figueres"]
[Date "2014.08.16"]
[Round "7"]
[Board "1"]
[White "Gomez Garrido, Camilo Ernesto"]
[Black "Oliva Castaneda, Kevel"]
[Result "1/2-1/2"]
[WhiteElo "2496"]
[BlackElo "2446"]
[PlyCount "56"]
[EventDate "2014.08.11"]
[EventRounds "9"]
[EventCountry "ESP"]

1. e4 c5 2. Nf3 d6 3. Bb5+ Bd7 4. Bxd7+ Qxd7 5. c4 Nf6 6. Nc3 g6 7. d4 cxd4 8.
Nxd4 Bg7 9. b3 Nc6 10. Bb2 O-O 11. O-O a6 12. Nxc6 bxc6 13. Na4 Qe6 14. f3 Rfd8
15. Qd2 Rac8 16. Rad1 Nd7 17. Bxg7 Kxg7 18. Qa5 Qe5 19. Qxe5+ Nxe5 20. c5 Rb8
21. cxd6 exd6 22. Rf2 f5 23. exf5 gxf5 24. Rfd2 Nf7 25. Rc2 Rdc8 26. h3 h5 27.
Kf2 Kf6 28. Nb2 Rb5 1/2-1/2

[Event "XV Obert Internacional d'Escacs de Figueres "Mique"]
[Site "Castillo San Ferran Figueres"]
[Date "2014.08.16"]
[Round "7"]
[Board "2"]
[White "Sanchez Enriquez, Oscar Gerard"]
[Black "Aroshidze, Levan"]
[Result "1/2-1/2"]
[WhiteElo "2374"]
[BlackElo "2539"]
[PlyCount "71"]
[EventDate "2014.08.11"]
[EventRounds "9"]
[EventCountry "ESP"]

1. e4 c5 2. Nf3 e6 3. d4 cxd4 4. Nxd4 Nc6 5. Nc3 Qc7 6. Be3 a6 7. Qf3 Nf6 8.
O-O-O Bb4 9. Nxc6 dxc6 10. Bd4 Bd6 11. Be2 e5 12. Bb6 Qxb6 13. Rxd6 Be6 14. Qg3
O-O 15. Rhd1 Qc5 16. f4 exf4 17. Qxf4 Rae8 18. g4 Re7 19. g5 Nd7 20. Bg4 Ne5
21. Bf5 g6 22. Bxe6 fxe6 23. Rd8 Ref7 24. Qg3 Rf3 25. Qg2 Rxc3 26. Rxf8+ Qxf8
27. bxc3 Nc4 28. Rd3 Qa3+ 29. Kd1 Nb2+ 30. Kd2 Nxd3 31. Kxd3 Qd6+ 32. Ke3 Qe5
33. Kd3 Qb5+ 34. Kd2 Qe5 35. Kd3 Qd6+ 36. Ke3 1/2-1/2

[Event "XV Obert Internacional d'Escacs de Figueres "Mique"]
[Site "Castillo San Ferran Figueres"]
[Date "2014.08.16"]
[Round "7"]
[Board "3"]
[White "Renteria, Jorge"]
[Black "Aloma Vidal, Robert"]
[Result "1-0"]
[WhiteElo "2306"]
[BlackElo "2403"]
[PlyCount "133"]
[EventDate "2014.08.11"]
[EventRounds "9"]
[EventCountry "ESP"]

1. e4 c6 2. d4 d5 3. e5 Bf5 4. h4 Qb6 5. Nc3 h5 6. Nge2 e6 7. Ng3 Bg6 8. Be2 c5
9. dxc5 Bxc5 10. O-O Nd7 11. Bxh5 Bxh5 12. Nxh5 g6 13. Nf4 Rxh4 14. g3 Rh7 15.
Nd3 Ne7 16. Kg2 O-O-O 17. Rh1 Rdh8 18. Rxh7 Rxh7 19. Qg4 Nf5 20. Na4 Qc6 21.
Naxc5 Nxc5 22. Nxc5 Qxc5 23. Bg5 Kb8 24. Rc1 a6 25. Qf3 Qb4 26. b3 Rh5 27. Bf6
Qd2 28. Qf4 Qxf4 29. gxf4 Nd4 30. Bg5 Nc6 31. Bf6 Nd4 32. Bg5 Ne2 33. Rd1 Nc3
34. Rd3 Ne4 35. Be7 b6 36. b4 Kc7 37. f3 Kd7 38. fxe4 Kxe7 39. exd5 exd5 40.
Rxd5 Rh4 41. Kg3 g5 42. Rd4 b5 43. c3 Rh1 44. Rd6 Rc1 45. f5 Rg1+ 46. Kf2 Rc1
47. Rc6 Rc2+ 48. Kf3 Rxa2 49. Rc7+ Ke8 50. Kg4 Rg2+ 51. Kh5 Kf8 52. Ra7 Rg3 53.
Rxa6 Rxc3 54. Kxg5 Kg7 55. Rb6 Rc4 56. Rxb5 Re4 57. f6+ Kh7 58. Kf5 Re1 59. Rc5
Rf1+ 60. Ke4 Kg6 61. Kd5 Kf5 62. b5 Rb1 63. Kc6 Ke4 64. b6 Kd4 65. Rb5 Rc1+ 66.
Kd7 Kc4 67. b7 1-0

[Event "XV Obert Internacional d'Escacs de Figueres "Mique"]
[Site "Castillo San Ferran Figueres"]
[Date "2014.08.16"]
[Round "7"]
[Board "4"]
[White "Campos Moreno, Javier B."]
[Black "Perez Mitjans, Orelvis"]
[Result "1-0"]
[WhiteElo "2458"]
[BlackElo "2435"]
[PlyCount "103"]
[EventDate "2014.08.11"]
[EventRounds "9"]
[EventCountry "ESP"]

1. d4 d5 2. c4 Nc6 3. Nc3 Nf6 4. cxd5 Nxd5 5. e4 Nxc3 6. bxc3 e5 7. d5 Nb8 8.
Nf3 Nd7 9. Be2 Bd6 10. Bg5 f6 11. Be3 O-O 12. O-O Kh8 13. Nd2 Nc5 14. Bg4 Bd7
15. Qe2 Be8 16. f3 Qe7 17. Nb3 a5 18. Qf2 Nd3 19. Qc2 Nc5 20. Qf2 Nd7 21. Bxd7
Bxd7 22. c4 Ba3 23. Bc5 Bxc5 24. Nxc5 Bc8 25. Nd3 a4 26. a3 b6 27. Rfc1 f5 28.
Qe3 f4 29. Qf2 g5 30. h3 h5 31. c5 b5 32. Rc3 g4 33. hxg4 hxg4 34. fxg4 Bxg4
35. Ne1 Rf7 36. Rd3 Qf6 37. d6 c6 38. d7 Rxd7 39. Rxd7 Bxd7 40. Rd1 Be6 41. Qb2
Rg8 42. Nf3 b4 43. axb4 Rg7 44. Rd6 Qg6 45. Qf2 a3 46. Qh4+ Qh7 47. Rd8+ Bg8
48. Qf6 Qxe4 49. Ra8 Qb1+ 50. Kh2 a2 51. Ng5 Qg6 52. Rxg8+ 1-0

[Event "XV Obert Internacional d'Escacs de Figueres "Mique"]
[Site "Castillo San Ferran Figueres"]
[Date "2014.08.16"]
[Round "7"]
[Board "5"]
[White "Lorenzo De La Riva, Lazaro"]
[Black "Caballero Maytin, Jesus"]
[Result "1/2-1/2"]
[WhiteElo "2415"]
[BlackElo "1992"]
[PlyCount "26"]
[EventDate "2014.08.11"]
[EventRounds "9"]
[EventCountry "ESP"]

1. c4 Nf6 2. d4 d5 3. cxd5 Nxd5 4. e4 Nb6 5. Nc3 e6 6. Be3 Bb4 7. Rc1 O-O 8.
Nf3 N8d7 9. a3 Bxc3+ 10. Rxc3 c6 11. Bd3 Qe7 12. O-O h6 13. Bb1 Nf6 1/2-1/2

[Event "XV Obert Internacional d'Escacs de Figueres "Mique"]
[Site "Castillo San Ferran Figueres"]
[Date "2014.08.16"]
[Round "7"]
[Board "6"]
[White "Alarcon Casellas, Rolando"]
[Black "Serra Canals, Oriol"]
[Result "1-0"]
[WhiteElo "2411"]
[BlackElo "1892"]
[PlyCount "43"]
[EventDate "2014.08.11"]
[EventRounds "9"]
[EventCountry "ESP"]

1. d4 e6 2. e4 d5 3. Nc3 Bb4 4. e5 c5 5. Bd2 Bxc3 6. Bxc3 Nc6 7. Qg4 Nge7 8.
dxc5 d4 9. O-O-O Qd5 10. b3 h5 11. Qxg7 Rg8 12. Qh7 Qxe5 13. Nf3 Qf4+ 14. Bd2
Qc7 15. Ng5 Rf8 16. Ne4 Nd5 17. Nd6+ Kd8 18. Bc4 Ncb4 19. Bxd5 Nxd5 20. Qg7 Qe7
21. Bh6 Re8 22. Rxd4 1-0

[Event "XV Obert Internacional d'Escacs de Figueres "Mique"]
[Site "Castillo San Ferran Figueres"]
[Date "2014.08.16"]
[Round "7"]
[Board "7"]
[White "Gonzalez Rodriguez, Jorge A."]
[Black "Dorca Dilme, Ramon"]
[Result "1-0"]
[WhiteElo "2382"]
[BlackElo "2193"]
[PlyCount "75"]
[EventDate "2014.08.11"]
[EventRounds "9"]
[EventCountry "ESP"]

1. b3 Nf6 2. Bb2 g6 3. Bxf6 exf6 4. d4 Bg7 5. e3 O-O 6. g3 d6 7. Bg2 c6 8. Ne2
f5 9. O-O Nd7 10. c4 Nf6 11. Nbc3 Re8 12. Qd3 h5 13. b4 a6 14. a4 Bd7 15. b5
axb5 16. axb5 Rxa1 17. Rxa1 cxb5 18. cxb5 Qb6 19. Qb1 Rb8 20. Qa2 Bh6 21. Qa7
Qxa7 22. Rxa7 d5 23. b6 Bc6 24. Nc1 Ne4 25. Bxe4 fxe4 26. Nb3 Bg5 27. Na5 Bd8
28. Nxc6 bxc6 29. b7 Kf8 30. Ra8 Bc7 31. Na4 Ke7 32. Nc5 Kd6 33. h3 Ke7 34.
Rxb8 Bxb8 35. Na6 Ba7 36. b8=Q Bxb8 37. Nxb8 c5 38. dxc5 1-0

[Event "XV Obert Internacional d'Escacs de Figueres "Mique"]
[Site "Castillo San Ferran Figueres"]
[Date "2014.08.16"]
[Round "7"]
[Board "8"]
[White "Juan Bartroli, Pau"]
[Black "Dalo, Hermes"]
[Result "0-1"]
[WhiteElo "2186"]
[BlackElo "2221"]
[PlyCount "74"]
[EventDate "2014.08.11"]
[EventRounds "9"]
[EventCountry "ESP"]

1. d4 Nf6 2. c4 e6 3. Nc3 Bb4 4. Qc2 O-O 5. a3 Bxc3+ 6. Qxc3 b5 7. cxb5 c6 8.
Bg5 cxb5 9. e3 Bb7 10. Nf3 h6 11. Bh4 g5 12. Bg3 Ne4 13. Qc2 Na6 14. Bd3 Qa5+
15. Ke2 Rac8 16. Qb1 f5 17. Rd1 Bd5 18. Kf1 g4 19. b4 Qb6 20. Ne5 Nc3 21. Qc2
Nxd1 22. Qxd1 Qb7 23. f3 gxf3 24. Nxf3 Rc3 25. Ne5 d6 26. Qh5 dxe5 27. Bxe5 Qh7
28. Bxb5 Nc7 29. Bd7 Rf7 30. Ba4 Rg7 31. Bxg7 Qxg7 32. g3 Rxe3 33. Rc1 Rd3 34.
Qh4 Kh7 35. Qd8 Na8 36. Rc8 Rxd4 37. Qa5 Rd2 0-1

[Event "XV Obert Internacional d'Escacs de Figueres "Mique"]
[Site "Castillo San Ferran Figueres"]
[Date "2014.08.16"]
[Round "7"]
[Board "9"]
[White "Kohlweyer, Bernd"]
[Black "Saez Coma, Alejandro"]
[Result "1-0"]
[WhiteElo "2422"]
[BlackElo "2113"]
[PlyCount "63"]
[EventDate "2014.08.11"]
[EventRounds "9"]
[EventCountry "ESP"]

1. Nf3 Nf6 2. c4 c5 3. g3 Nc6 4. Bg2 g6 5. d4 cxd4 6. Nxd4 Bg7 7. Nc3 O-O 8.
O-O Nxd4 9. Qxd4 d6 10. Qd3 Nd7 11. b3 Nc5 12. Qd2 Bd7 13. Bb2 Bc6 14. Rab1
Bxg2 15. Kxg2 a6 16. Rfc1 a5 17. f3 h5 18. Nd5 e6 19. Bxg7 Kxg7 20. Qd4+ f6 21.
Nc3 Qe7 22. Rd1 Rfd8 23. Rd2 Rd7 24. Rbd1 Rad8 25. Qe3 b6 26. Nb5 e5 27. Nc3
Rb7 28. Rd5 Rbd7 29. Nb5 e4 30. f4 Qe6 31. f5 gxf5 32. Nd4 1-0

[Event "XV Obert Internacional d'Escacs de Figueres "Mique"]
[Site "Castillo San Ferran Figueres"]
[Date "2014.08.16"]
[Round "7"]
[Board "10"]
[White "Cano Egea, Gerard"]
[Black "Izagirre Alsua, Aritz"]
[Result "0-1"]
[WhiteElo "1934"]
[BlackElo "1913"]
[PlyCount "64"]
[EventDate "2014.08.11"]
[EventRounds "9"]
[EventCountry "ESP"]

1. e4 c5 2. Nf3 a6 3. c3 d5 4. exd5 Qxd5 5. d4 Nc6 6. Be3 cxd4 7. cxd4 e6 8.
Nc3 Bb4 9. Bd3 Bxc3+ 10. bxc3 Nf6 11. O-O O-O 12. c4 Qd8 13. Rb1 h6 14. Qd2 Ne7
15. Ne5 b5 16. cxb5 axb5 17. Rxb5 Ba6 18. Rb2 Bxd3 19. Qxd3 Qd5 20. Qb3 Nf5 21.
Rc1 Qe4 22. Qc2 Qd5 23. Nc6 Kh8 24. Nb4 Nxe3 25. fxe3 Qg5 26. Qd3 Ng4 27. Re2
Ra4 28. Qb3 Rfa8 29. Rc5 Qh4 30. h3 Nf6 31. Rec2 Qe1+ 32. Kh2 Qxb4 0-1

[Event "XV Obert Internacional d'Escacs de Figueres "Mique"]
[Site "Castillo San Ferran Figueres"]
[Date "2014.08.16"]
[Round "7"]
[Board "11"]
[White "Serra Pages, Jordi"]
[Black "Aymerich Verdaguer, Eduard"]
[Result "1-0"]
[WhiteElo "2216"]
[BlackElo "2023"]
[PlyCount "67"]
[EventDate "2014.08.11"]
[EventRounds "9"]
[EventCountry "ESP"]

1. d4 Nf6 2. Nf3 g6 3. c4 Bg7 4. Nc3 d6 5. e4 O-O 6. Be2 e5 7. O-O Nc6 8. d5
Ne7 9. Ne1 Nd7 10. Nd3 f5 11. f3 f4 12. Bd2 g5 13. Rc1 Nf6 14. c5 Ng6 15. cxd6
cxd6 16. Nf2 Rf7 17. Nb5 a6 18. Na3 b5 19. Nc2 Bf8 20. Nb4 Rg7 21. Nc6 Qe8 22.
a4 bxa4 23. Ba5 Bd7 24. Rc4 h5 25. h3 Nh4 26. Bb6 g4 27. fxg4 hxg4 28. Nxg4
Nxg4 29. Bxg4 Bxg4 30. hxg4 Rg5 31. Bf2 Nxg2 32. Kxg2 Qh5 33. Rg1 Rxg4+ 34.
Qxg4+ 1-0

[Event "XV Obert Internacional d'Escacs de Figueres "Mique"]
[Site "Castillo San Ferran Figueres"]
[Date "2014.08.16"]
[Round "7"]
[Board "12"]
[White "Parals Marce, Luis"]
[Black "Pinsach Gelabert, Alexandre"]
[Result "1/2-1/2"]
[WhiteElo "1962"]
[BlackElo "2140"]
[PlyCount "71"]
[EventDate "2014.08.11"]
[EventRounds "9"]
[EventCountry "ESP"]

1. d4 d5 2. Nf3 e6 3. e3 Nf6 4. Bd3 c5 5. b3 Nc6 6. Bb2 Bd6 7. O-O O-O 8. a3 b6
9. Ne5 Bb7 10. Nd2 Rc8 11. Qf3 Qc7 12. Qg3 Ne7 13. f4 Ne4 14. Qh3 f5 15. Bxe4
dxe4 16. Ndc4 Bxe5 17. dxe5 Ba6 18. Rfd1 Bxc4 19. bxc4 Rcd8 20. Qg3 Ng6 21. Qg5
Rd7 22. g4 Qd8 23. Qxd8 Rfxd8 24. Rxd7 Rxd7 25. gxf5 exf5 26. Bc3 Ne7 27. Kf2
Nc6 28. Ke2 Kf7 29. Rb1 Ke6 30. h4 g6 31. a4 h6 32. Rg1 Rg7 33. Rd1 Rd7 34. Rg1
Rg7 35. Rd1 Rd7 36. Rg1 1/2-1/2

[Event "XV Obert Internacional d'Escacs de Figueres "Mique"]
[Site "Castillo San Ferran Figueres"]
[Date "2014.08.16"]
[Round "7"]
[Board "13"]
[White "Prats Rodriguez, Juan Bosco"]
[Black "Ayats Llobera, Gerard"]
[Result "1/2-1/2"]
[WhiteElo "2050"]
[BlackElo "1934"]
[PlyCount "61"]
[EventDate "2014.08.11"]
[EventRounds "9"]
[EventCountry "ESP"]

1. e4 e6 2. d3 d5 3. Qe2 Nc6 4. Nf3 e5 5. c3 dxe4 6. dxe4 a5 7. Qc2 Bc5 8. Bb5
Qe7 9. O-O Nf6 10. Bg5 Bg4 11. Nbd2 O-O 12. h3 Bxf3 13. Nxf3 Rfe8 14. Rfe1 Qe6
15. Qa4 h6 16. Bxf6 Qxf6 17. Rad1 Bb6 18. Rd7 Rad8 19. Red1 Rxd7 20. Rxd7 Rd8
21. Qd1 Rf8 22. Bc4 Nb8 23. Rd5 Re8 24. g3 Qg6 25. Kg2 Nc6 26. Rd7 Rf8 27. Qd5
Qf6 28. Qd2 Kh7 29. Qd3 Kg8 30. Qd2 Kh7 31. Qd5 1/2-1/2

[Event "XV Obert Internacional d'Escacs de Figueres "Mique"]
[Site "Castillo San Ferran Figueres"]
[Date "2014.08.16"]
[Round "7"]
[Board "14"]
[White "Vilar Lopez, Monica"]
[Black "Vinardell Cruanas, Sergi"]
[Result "1/2-1/2"]
[WhiteElo "2171"]
[BlackElo "2167"]
[PlyCount "37"]
[EventDate "2014.08.11"]
[EventRounds "9"]
[EventCountry "ESP"]

1. e4 e5 2. Nf3 Nc6 3. d4 exd4 4. Nxd4 Nf6 5. Nxc6 bxc6 6. e5 Qe7 7. Qe2 Nd5 8.
c4 Nb6 9. b3 Qe6 10. Nc3 Ba6 11. Bb2 O-O-O 12. O-O-O Re8 13. f4 Bb4 14. Qf3 Bb7
15. Qd3 f6 16. exf6 gxf6 17. a3 Bf8 18. Be2 Bg7 19. Rhe1 1/2-1/2

[Event "XV Obert Internacional d'Escacs de Figueres "Mique"]
[Site "Castillo San Ferran Figueres"]
[Date "2014.08.16"]
[Round "7"]
[Board "15"]
[White "Alvarez Albiol, Victor"]
[Black "Rivera Hernandez, Josep"]
[Result "1-0"]
[WhiteElo "1806"]
[BlackElo "1925"]
[PlyCount "59"]
[EventDate "2014.08.11"]
[EventRounds "9"]
[EventCountry "ESP"]

1. d4 d5 2. c4 e6 3. Nc3 Nf6 4. Bg5 Be7 5. e3 c6 6. cxd5 exd5 7. Bd3 h6 8. Bh4
Nbd7 9. Nge2 O-O 10. O-O Ne4 11. Bxe7 Qxe7 12. Re1 Qh4 13. Nxe4 dxe4 14. Bc4
Nf6 15. h3 g5 16. Qc2 Bxh3 17. gxh3 Qxh3 18. Nc3 Qg4+ 19. Kh2 Qh4+ 20. Kg1 Qg4+
21. Kh2 Qf3 22. Rg1 Qh5+ 23. Kg2 Ng4 24. Rh1 Nxe3+ 25. fxe3 Qg4+ 26. Kh2 Qh4+
27. Kg1 Qg3+ 28. Qg2 Qxe3+ 29. Qf2 Qxf2+ 30. Kxf2 1-0

[Event "XV Obert Internacional d'Escacs de Figueres "Mique"]
[Site "Castillo San Ferran Figueres"]
[Date "2014.08.16"]
[Round "7"]
[Board "16"]
[White "Falgueras Marti, Carles"]
[Black "Diaz Munoz, Sergi"]
[Result "1/2-1/2"]
[WhiteElo "1980"]
[BlackElo "2034"]
[PlyCount "73"]
[EventDate "2014.08.11"]
[EventRounds "9"]
[EventCountry "ESP"]

1. e4 c5 2. Nf3 e6 3. c3 Nf6 4. e5 Nd5 5. c4 Ne7 6. d4 cxd4 7. Nxd4 Qa5+ 8. Nc3
Qxe5+ 9. Be2 Nec6 10. Ndb5 Na6 11. g3 Qb8 12. Bf4 e5 13. Bg5 h6 14. Be3 Bb4 15.
O-O O-O 16. Bh5 Bxc3 17. bxc3 Ne7 18. Nd6 f5 19. c5 Nc7 20. Qd2 Kh7 21. f4 e4
22. Bd4 Nc6 23. Bxg7 Kxg7 24. g4 Ne7 25. Qd4+ Kh7 26. gxf5 Nxf5 27. Qxe4 Ne6
28. Nxf5 d5 29. Qc2 Nxc5 30. Ne7+ Ne4 31. Bg6+ Kg7 32. Bxe4 dxe4 33. Qxe4 Qd6
34. Qe5+ Qxe5 35. fxe5 Bh3 36. Rxf8 Rxf8 37. Re1 1/2-1/2